000 00718nas a2200241 4500
001 BR8707214
003 BR-BrBNA
005 20231205090912.0
007 ta
008 230509b bl.|||p| |||| 00| 00por d
040 _aBR-BrBNA
_bpor
_cBiblioteca Nacional de Agricultura
041 _a(Pt)
072 _aN10
100 1 _aFelicio, L.C.
100 1 _aMazzafera, R.
100 1 _aMiayesi, M.
245 1 _aEstudos para o aprimoramento dos eixos de moenda [Saccharum spp, Brasil]
650 _aMOENDA
650 _aCANA DE ACUCAR
773 0 _tBoletim Tecnico COPERSUCAR (Brazil)
_xISSN 0100-2996
_g(Mar 1986), (no. 34) p. 27-37
_wBR8707214
909 _a202311
_bLúcia
_c55
_dLúcia Elande
942 _2AGRIS
_n0
_cANA
999 _c121535
_d121535